00446nam a2200193Ia 4500003000400000005001700004008004100021020001400062040000700076041000800083082002200091100001900113245002800132250000600160260004200166300001900208365000800227650001700235OSt20230504193026.0210423s2002 xx 000 0 und d a199638535 cAL aeng a574.87 223bDAVB aDAVIS (J M),Ed aBasic cell culture Ed 2 a2 aOxfordbOxford University Pressc2002 axxv,381bBound cINR aCell Biology